The twelve absolutes of leadership

Bibliographic Details
Main Author: Burnison, Gary
Format: Book
Published: NY : Mc Graw Hill , 2012
Subjects:

MARC

LEADER 00000cam a2200000 7i4500
001 0000035753
005 20151028.0
008 130517
020 |a 9780071787123 
090 0 0 |a 658.4092   |b BUR 
100 1 |a Burnison, Gary 
245 1 4 |a The twelve absolutes of leadership   |c Gary Burnison 
260 |a NY :   |b Mc Graw Hill ,   |c 2012 
650 0 |a Leadership 
999 |a 0001192623   |b Book   |c Adult Collection   |e Cawangan Bandar Tenggara 
999 |a 0001192624   |b Book   |c Adult Collection   |e Cawangan Mersing 
999 |a 0001192625   |b Book   |c Adult Collection   |e Cawangan Muar 
999 |a 0001192629   |b Book   |c Adult Collection   |e Cawangan Pontian 
999 |a 0001192631   |b Book   |c Adult Collection   |e Cawangan Tmn. Ungku Tun Aminah 
999 |a 0001192633   |b Book   |c Adult Collection   |e Cawangan Bandar Penawar 
999 |a 0001192634   |b Book   |c Adult Collection   |e Cawangan Bukit Gambir 
999 |a 0001192635   |b Book   |c Adult Collection   |e Cawangan Tangkak 
999 |a 0001192636   |b Book   |c Adult Collection   |e Perbadanan Perpustakaan Awam Johor